Pedagogy of hope
Պահպանված է:
| Հիմնական հեղինակ: | |
|---|---|
| Ձևաչափ: | Գիրք |
| Լեզու: | անգլերեն |
| Հրապարակվել է: |
Bloomsbury
2019
|
| Ցուցիչներ: |
Ավելացրեք ցուցիչ
Չկան պիտակներ, Եղեք առաջինը, ով նշում է այս գրառումը!
|
MARC
| LEADER | 00000nam a22000007a 4500 | ||
|---|---|---|---|
| 008 | 210908b ||||| |||| 00| 0 eng d | ||
| 020 | |a 9781472533401 | ||
| 100 | |a FREIRE, Paulo | ||
| 245 | |a Pedagogy of hope |c Paulo Freire |f Bloomsbury |g 226p. | ||
| 260 | |b Bloomsbury |c 2019 |h New York |i 696966 |i 696967 |l LB 880 . F32F89 |m Freire Paulo, 1921 - 1997 |m Freire Paulo, 1921 - 1997, Pedagogia del oprimido |m Education ... Philosophy |m Popular education ... Philosophy |m Education ... Social aspects .....Latin America |m Education... Social aspects .... Brazil | ||
| 942 | |a lcc |c BK |e ADEYEYE Y. S. |f 08 - 09 - 2021 | ||
| 952 | |0 0 |1 0 |2 lcc |4 0 |6 LB0880 F732 F89 |7 0 |9 3475 |a HOL |b ED |c LP |d 2021-09-08 |l 0 |o LB 880 .F732F89 |p 2021-67198 |r 2021-09-08 00:00:00 |w 2021-09-08 |y BK | ||
| 952 | |0 0 |1 0 |2 lcc |4 0 |6 LB0880 F732 F89 |7 0 |9 3476 |a HOL |b HOL |c LP |d 2021-09-08 |l 0 |o LB 880 .F732F89 |p 2021-67199 |r 2021-09-08 00:00:00 |w 2021-09-08 |y BK | ||
| 999 | |c 1730 |d 1730 | ||